ბათუმის შოთა რუსთაველის სახელმწიფო უნივერსიტეტის ბიბლიოთეკა

გზა (ბიბ.ჩანაწერი № 50043)

000 -LEADER
fixed length control field 00830nam a2200241Ia 4500
001 - CONTROL NUMBER
control field 16981
003 - CONTROL NUMBER IDENTIFIER
control field GE_BSU
008 - FIXED-LENGTH DATA ELEMENTS--GENERAL INFORMATION
fixed length control field 181216s||||||||xx |||||||||||||| ||und||
040 ## - CATALOGING SOURCE
Transcribing agency GE_BSU
080 ## - UNIVERSAL DECIMAL CLASSIFICATION NUMBER
Universal Decimal Classification number 821.353.1-32
100 ## - MAIN ENTRY--PERSONAL NAME
Personal name ამირეჯიბი, ჭ. (ჭაბუა, 1921-2013)
245 ## - TITLE STATEMENT
Title გზა
245 ## - TITLE STATEMENT
Remainder of title მოთხრობები
245 ## - TITLE STATEMENT
Statement of responsibility, etc. რედ.ბ.ჟღენტი
260 ## - PUBLICATION, DISTRIBUTION, ETC.
Place of publication, distribution, etc. თბილისი
260 ## - PUBLICATION, DISTRIBUTION, ETC.
Name of publisher, distributor, etc. საბჭ. მწერალი
260 ## - PUBLICATION, DISTRIBUTION, ETC.
Date of publication, distribution, etc. 1962
300 ## - PHYSICAL DESCRIPTION
Extent 145 გვ. ;15 სმ.
653 ## - INDEX TERM--UNCONTROLLED
Uncontrolled term გზა
653 ## - INDEX TERM--UNCONTROLLED
Uncontrolled term ველოსიპედი; თეთრი ხალათები; ქანჩი; მარხილი; რატომ არ დამაცადე; გზა
653 ## - INDEX TERM--UNCONTROLLED
Uncontrolled term მოთხრობები
942 ## - ADDED ENTRY ELEMENTS (KOHA)
Koha item type წიგნი
ეგზემპლარები
Withdrawn status Lost status Damaged status Not for loan Date acquired Barcode Date last seen Price effective from Koha item type
        2018-12-17 21655 2018-12-17 2018-12-17 წიგნი